000 00995ntm a22002657a 4500
999 _c1049
_d1049
008 191121s2019 ii abd|grm|||a00| 0 eng d
040 _aKO
_beng
041 0 _aeng
044 _aii
082 0 4 _223
_a378.242
_bPRM1736
100 1 _aAugustus, Bilup C.
_eResearcher
245 1 2 _aA Study on Cold Chain Storage and Technology of Perishable Cargo with Reference to Traders in Kerala /
_cBilup C. Augustus ; Guide Dr. Sreejith U.
260 _aKochi :
_bIndian Maritime University,
_c2019
300 _a65 p. :
_bill., charts, maps ;
_c29 cm.
490 0 _aMBA Project 2017-19 ;
_v1705304006
502 _aProject (MBA)–Indian Maritime University. School of Maritime Management, 2019.
650 0 _aPerishable goods
_zIndia
655 7 _2lcsh
_aDissertations, Academic
_y2019
700 1 _aU., Sreejith,
_cDr.
_eGuide
856 _uhttps://drive.google.com/file/d/1IsXDVIbcK98fn0QabSwcPMXUf77ivutj/view?usp=sharing
904 _aRUDRA_R
905 _aR_RANJAN
942 _cTH